000 00882cab a2200349 4500
001 ABS52470
008 090401t1995 xxu||||| |||| 00| 0 eng d
035 _a(Sirsi) u80286
041 _aeng
245 _aFocus `95: Surrey markets
260 _c1995
350 _a0
490 _aEstates Times
_v(9513) 1 April 1995, 77-121(19)
650 _aCROYDON
650 _aDORKING
650 _aEPSOM
650 _aGUILDFORD
650 _aKINGSTON UPON THAMES
650 _aLEATHERHEAD
650 _aM3 CORRIDOR
650 _aREDHILL
650 _aREIGATE
650 _aPROPERTY-COMMERCIAL PROPERTY-RETAIL PROPERTY-RETAIL PROPERTY MARKET
650 _aRICHMOND
650 _aSURREY
650 _aSUTTON
650 _aWEYBRIDGE
650 _aWOKING
690 _aPROPERTY-COMMERCIAL PROPERTY-COMMERCIAL PROPERTY MARKET
942 _n0
948 _c04/03/1997
999 _c50551
_d50551